000 00764nam a22002057a 4500
999 _c10292
_d10292
003 AR-CdUCM
008 190329b ||||| |||| 00| 0 spa d
040 _aMUNICIPALIDAD PROVINCIAL DEL CUSCO
_cBIBLIOTECA MUNICIPAL DEL CUSCO
082 _a301.1 /
_bAN38 / 1905
100 _aAngiolini, Alfredo
_927075
245 _aDelitos culposos :
_bEstudio sociológico jurídico /
260 _aBarcelona :
_bCórcega,
_c1905.
300 _a191 páginas ;
_c15 cm.
505 _aContenido : La clasificación de los delitos de culpa -- La estadística de los delitos de culpa -- Prevencion y represion de los delitos de culpa ...
650 _aSociología
_9276
650 _aInternacional
_94041
650 _aJurídica
_922814
942 _2ddc
_cLIBROS
945 _arah